000 00472nam a2200181Ia 4500
001 23165
005 20260414150919.0
008 260414t1967||||xx |||||||||||||| ||spa||
041 _aESP
082 _a625.10946
_bW17
100 _aWais San Martín, Francisco
_eAUT
245 0 _aHistoria general de los ferrocarriles españoles :
_b(1830 - 1941)
260 _c1967
300 _a383 páginas :
_c25 cm.
650 _a0
654 _aCIC
942 _cLIB
_dJUS
_fJUS
_2ddc
_n
999 _c23165
_d23165